000 00356nam a22001217a 4500
082 _a301.44420942 MEA
100 _aMEACHAM, Standish
245 _aA life Apart : the English working class 1890 - 1914
260 _aLondon
_bCox and Wyman Ltd
_c1977
300 _a272p.
_bill,; 24cm.
500 _aInclude References, Bibliography and Index
942 _cBK
999 _c13151
_d13151